শিশু-কিশোরদের বিজ্ঞান জ্ঞান বিজ্ঞানের বিশ্বকোষ / (Record no. 12798)
[ view plain ]
| 000 -LEADER | |
|---|---|
| fixed length control field | 00825nam a2200217 a 4500 |
| 001 - CONTROL NUMBER | |
| JCCL Control Number | 12798 |
| 003 - CONTROL NUMBER IDENTIFIER | |
| JCCL marc code | BD-JhCC |
| 005 - DATE AND TIME OF LATEST TRANSACTION | |
| control field | 20230513110041.0 |
| 008 - FIXED-LENGTH DATA ELEMENTS--GENERAL INFORMATION | |
| fixed length control field | 230513s2012 b a|||| |||| 000 0 be d |
| 020 ## - INTERNATIONAL STANDARD BOOK NUMBER | |
| International Standard Book Number | 9847030701995 |
| 035 ## - SYSTEM CONTROL NUMBER | |
| system control number | (BD-JhCC)12798 |
| 040 ## - CATALOGING SOURCE | |
| Original cataloging agency | BD-JhCC |
| Modifying agency | BD-JhCC |
| 041 ## - LANGUAGE CODE | |
| Language code of Book | eng |
| 082 ## - DEWEY DECIMAL CLASSIFICATION NUMBER | |
| Classification number | 500 |
| Author mark and Year | ALA 2012 |
| 100 ## - MAIN ENTRY--PERSONAL NAME | |
| Personal name | আলম, প্রফেসর আশরাফুল |
| 245 ## - TITLE STATEMENT | |
| Title | শিশু-কিশোরদের বিজ্ঞান জ্ঞান বিজ্ঞানের বিশ্বকোষ / |
| Statement of responsibility, etc | প্রফেসর আশরাফুল আলম |
| 260 ## - PUBLICATION, DISTRIBUTION, ETC. (IMPRINT) | |
| Place of publication, distribution, etc | ঢাকা : |
| Name of publisher, distributor, etc | শব্দশিল্প, |
| Date of publication, distribution, etc | ২০১২ |
| 300 ## - PHYSICAL DESCRIPTION | |
| Pagination | ১৫৭ পৃ. : |
| Other physical details | চিত্রাবলী সংযোজিত, |
| Dimensions | ২১ সেমি. |
| 650 ## - SUBJECT ADDED ENTRY--TOPICAL TERM | |
| Topical term or geographic name as entry element | Science |
| 942 ## - ADDED ENTRY ELEMENTS (KOHA) | |
| Source of classification or shelving scheme | Dewey Decimal Classification |
| Koha item type | Books |
| Source of classification or shelving scheme | Damaged status | Not for loan | Home library | Current library | Shelving location | Date of accession | Cost, normal purchase price | Total Checkouts | Full call number | Barcode | Date last seen | Date checked out | Copy number | Method of acquisition | Koha item type | Currency |
|---|---|---|---|---|---|---|---|---|---|---|---|---|---|---|---|---|
| Dewey Decimal Classification | JCC Rouf Library | JCC Rouf Library | General Stacks | 05/13/2023 | 140.00 | 1 | 500 ALA 2012 | 17073 | 02/20/2024 | 01/31/2024 | C-1 | Purchase | Books | BDT |